[Event "Hiroshima Chushikoku-ch"]
[Site "Hiroshima"]
[Date "2023.02.04"]
[Round "2"]
[White "Karasawa, Yuta"]
[Black "Sakai, Azumi"]
[Result "0-1"]
[WhiteElo "1514"]
[BlackElo "1779"]
[PlyCount "126"]
[EventDate "2023.02.04"]
[EventType "swiss"]
[EventRounds "5"]
[EventCountry "JPN"]
[SourceTitle "CBM 212 Extra"]
[Source "ChessBase"]
[SourceDate "2023.03.31"]
[SourceVersion "1"]
[SourceVersionDate "2023.03.31"]
[SourceQuality "1"]

1. e4 e6 2. d4 d5 3. exd5 exd5 4. Bd3 Nc6 5. c3 Bd6 6. Nf3 Bg4 7. 0-0 Nge7 8. Re1 Qd7 9. b4 0-0 10. Nbd2 Bf5 11. Nb3 Bxd3 12. Qxd3 b6 13. Ne5 Bxe5 14. dxe5 Ng6 15. f4 Rfe8 16. Nd4 Rad8 17. Bd2 Nh4 18. Re3 Nxd4 19. cxd4 Qf5 20. Rc1 Rd7 21. Rh3 Re6 22. Qa6 Ng6 23. Qc8+ Nf8 24. Rxc7 Rxc7 25. Qxc7 Qb1+ 26. Qc1 Qe4 27. Qc3 Rg6 28. Rg3 Rxg3 29. hxg3 Qb1+ 30. Kf2 Qxa2 31. f5 h5 32. Kf3 Qb1 33. Qc8 Qe4+ 34. Kf2 Qxd4+ 35. Be3 Qb2+ 36. Kf3 Qb3 37. Kf2 Qa2+ 38. Kf3 g6 39. Bh6 Qb3+ 40. Kf2 Qxb4 41. e6 fxe6 42. Qc7 Qd4+ 43. Be3 Qb2+ 44. Kf3 Qf6 45. g4 gxf5 46. gxf5 Qxf5+ 47. Ke2 Qg4+ 48. Kf2 d4 49. Bc1 Qh4+ 50. Kf1 Qf6+ 51. Kg1 Qf7 52. Qe5 Qd7 53. Bh6 Ng6 54. Qb8+ Kf7 55. Qg3 d3 56. Qf3+ Ke8 57. Qa8+ Qd8 58. Qc6+ Kf7 59. Qf3+ Kg8 60. Qb7 Qd4+ 61. Kf1 d2 62. Qc8+ Kf7 63. Qc7+ Ne7 0-1

[Event "Hiroshima Chushikoku-ch"]
[Site "Hiroshima"]
[Date "2023.02.04"]
[Round "1"]
[White "Sakai, Azumi"]
[Black "Ono, Tadashi"]
[Result "1-0"]
[WhiteElo "1779"]
[BlackElo "1269"]
[PlyCount "71"]
[EventDate "2023.02.04"]
[EventType "swiss"]
[EventRounds "5"]
[EventCountry "JPN"]
[SourceTitle "CBM 212 Extra"]
[Source "ChessBase"]
[SourceDate "2023.03.31"]
[SourceVersion "1"]
[SourceVersionDate "2023.03.31"]
[SourceQuality "1"]

1. d4 Nf6 2. c4 g6 3. Nc3 d5 4. cxd5 Nxd5 5. e4 Nxc3 6. bxc3 Bg7 7. Bc4 c5 8. Ne2 cxd4 9. cxd4 Nc6 10. Be3 Qa5+ 11. Qd2 Qxd2+ 12. Kxd2 0-0 13. Rab1 e5 14. d5 Nd4 15. Bxd4 exd4 16. Kd3 f5 17. f3 fxe4+ 18. fxe4 b5 19. Bxb5 Rf2 20. Nxd4 Rxa2 21. d6 Ba6 22. Nc6 Ra3+ 23. Kc4 Rc3+ 24. Kb4 Bb7 25. Ne7+ Kh8 26. Rbc1 a5+ 27. Ka4 Bxe4 28. Rxc3 Bxc3 29. d7 Bb4 30. Rc1 Rd8 31. Nc6 Bxc6 32. Bxc6 Kg7 33. Re1 Kf7 34. Re8 Be7 35. Kxa5 h5 36. Kb6 1-0

[Event "Tokyo Japan op"]
[Site "Tokyo"]
[Date "2021.11.22"]
[Round "6"]
[White "Farfurnik, Sasha"]
[Black "Sakai, Azumi"]
[Result "1-0"]
[WhiteElo "2006"]
[BlackElo "1737"]
[PlyCount "83"]
[EventDate "2021.11.20"]
[EventType "swiss"]
[EventRounds "7"]
[EventCountry "JPN"]
[SourceTitle "CBM 205 Extra"]
[Source "ChessBase"]
[SourceDate "2022.01.31"]
[SourceVersion "1"]
[SourceVersionDate "2022.01.31"]
[SourceQuality "1"]

1. d4 d5 2. Bf4 Nf6 3. e3 c5 4. c3 Qb6 5. Qb3 c4 6. Qc2 Nc6 7. Nd2 e6 8. b3 cxb3 9. axb3 Bd7 10. h3 Rc8 11. Ngf3 Be7 12. Be2 0-0 13. 0-0 Na5 14. Qa2 Nc6 15. Bd3 a6 16. Rac1 Rfd8 17. Bb1 Nh5 18. Bh2 g6 19. e4 dxe4 20. Nxe4 Be8 21. Rfe1 Nf6 22. Ned2 Nd5 23. h4 Na7 24. Nc4 Qb5 25. h5 Nxc3 26. Rxc3 Bb4 27. hxg6 hxg6 28. Rcc1 Bxe1 29. Rxe1 Qb4 30. Be5 Bc6 31. Re3 Qe7 32. Qb2 f6 33. Bg3 Nb5 34. Nb6 Bxf3 35. Nxc8 Rxc8 36. Rxf3 Nxd4 37. Qxd4 Rc1+ 38. Kh2 Qh7+ 39. Bh4 Qc7+ 40. g3 g5 41. Qxf6 gxh4 42. Qf8# 1-0

[Event "Online Olym Div3 A"]
[Site "Chess.com INT"]
[Date "2021.08.27"]
[Round "1.4"]
[White "Lyons, Kieran"]
[Black "Sakai, Azumi"]
[Result "0-1"]
[WhiteElo "1767"]
[BlackElo "1731"]
[PlyCount "82"]
[EventDate "2021.08.27"]
[EventType "team-tourn (rapid)"]
[EventRounds "9"]
[EventCountry "USA"]
[SourceTitle "CBM 204 Extra"]
[Source "ChessBase"]
[SourceDate "2021.11.30"]
[SourceVersion "1"]
[SourceVersionDate "2021.11.30"]
[SourceQuality "1"]
[WhiteTeam "Fiji"]
[BlackTeam "Japan"]
[WhiteTeamCountry "FIJ"]
[BlackTeamCountry "JPN"]

1. e4 e6 2. d4 d5 3. e5 c5 4. c3 Nc6 5. Nf3 Bd7 6. Bd3 cxd4 7. cxd4 Qb6 8. Bc2 Nge7 9. Nc3 Ng6 10. a3 Be7 11. h4 Bd8 12. h5 Nge7 13. Na4 Qc7 14. g4 Rc8 15. Nc3 a6 16. Ng5 h6 17. Nf3 Na5 18. g5 Ng8 19. gxh6 Nxh6 20. Ng5 Nc4 21. Qf3 Bxg5 22. Bxg5 Nxb2 23. Bd2 Nc4 24. Bxh6 Rxh6 25. Rg1 Nxe5 26. dxe5 Qxc3+ 27. Qxc3 Rxc3 28. Kd2 Rf3 29. Ke2 Rf5 30. Rxg7 Rxe5+ 31. Kd3 Bb5+ 32. Kc3 Rexh5 33. Rag1 Rh3+ 34. Kb2 Rf6 35. R1g2 Rff3 36. Rg8+ Ke7 37. Rb8 Bc6 38. a4 Rh6 39. Rbg8 Rhf6 40. Rh8 Rxf2 41. Rgg8 Bxa4 0-1

[Event "Asia Nations online Cup (Women)"]
[Site "Chess.com INT"]
[Date "2020.10.19"]
[Round "7.10"]
[White "Sakai, Azumi"]
[Black "Yazji, Mada"]
[Result "0-1"]
[WhiteElo "1731"]
[BlackElo "1704"]
[PlyCount "100"]
[EventDate "2020.10.11"]
[EventType "team-swiss (rapid)"]
[EventRounds "9"]
[EventCountry "IND"]
[SourceTitle "CBM 198 Extra"]
[Source "ChessBase"]
[SourceDate "2020.11.30"]
[SourceVersion "1"]
[SourceVersionDate "2020.11.30"]
[SourceQuality "1"]
[WhiteTeam "Japan (W)"]
[BlackTeam "Syria (W)"]
[WhiteTeamCountry "JPN"]
[BlackTeamCountry "SYR"]

1. d4 d5 2. c4 e6 3. Nc3 Nf6 4. cxd5 exd5 5. Bg5 c6 6. e3 Be7 7. Qc2 Nbd7 8. Bd3 0-0 9. Nf3 h6 10. Bh4 Re8 11. 0-0 Ne4 12. Bxe7 Qxe7 13. Rab1 Ndf6 14. b4 a6 15. a4 Bg4 16. Ne5 Nxc3 17. Qxc3 Be6 18. b5 cxb5 19. axb5 Rec8 20. Qb2 a5 21. Ra1 Nd7 22. Nf3 Qd6 23. h3 b6 24. Rfc1 Nf6 25. Ne5 Rxc1+ 26. Rxc1 Rc8 27. Rc6 Qd8 28. Kf1 Bd7 29. Rd6 Qc7 30. Rc6 Bxc6 31. bxc6 Ne8 32. Bf5 Ra8 33. Qb1 Nd6 34. Bd7 a4 35. Nd3 a3 36. Nb4 Nc4 37. Ke2 Qd6 38. Na2 Rb8 39. Qb5 Ra8 40. e4 Ra5 41. Qb3 b5 42. e5 Qc7 43. f4 b4 44. Qxb4 Ra8 45. Qb7 Qa5 46. Qb4 Qxb4 47. Nxb4 a2 48. c7 a1Q 49. Nc6 Qc3 50. Nb8 Ra2+ 0-1

[Event "Asia Nations online Cup (Women)"]
[Site "Chess.com INT"]
[Date "2020.10.11"]
[Round "3.6"]
[White "Sakai, Azumi"]
[Black "Munguntuul, Batkhuyag"]
[Result "0-1"]
[WhiteElo "1731"]
[BlackElo "2428"]
[PlyCount "82"]
[EventDate "2020.10.11"]
[EventType "team-swiss (rapid)"]
[EventRounds "9"]
[EventCountry "IND"]
[SourceTitle "CBM 198 Extra"]
[Source "ChessBase"]
[SourceDate "2020.11.30"]
[SourceVersion "1"]
[SourceVersionDate "2020.11.30"]
[SourceQuality "1"]
[WhiteTeam "Japan (W)"]
[BlackTeam "Mongolia (W)"]
[WhiteTeamCountry "JPN"]
[BlackTeamCountry "MGL"]

1. d4 d5 2. c4 c6 3. Nf3 Nf6 4. e3 e6 5. b3 Nbd7 6. Bb2 Bd6 7. Nbd2 b6 8. Bd3 Bb7 9. 0-0 0-0 10. Rc1 Qe7 11. Ne5 c5 12. f4 Ne4 13. Ndf3 Rad8 14. Qc2 f6 15. Nxd7 Rxd7 16. cxd5 exd5 17. Rce1 Rc7 18. Qd1 c4 19. bxc4 dxc4 20. Bxe4 Bxe4 21. Bc3 b5 22. Qc1 b4 23. Ba1 c3 24. Rf2 a5 25. Rd1 a4 26. d5 b3 27. axb3 axb3 28. Bxc3 Rfc8 29. Qb2 Rxc3 30. Nd4 Rxe3 31. Nc6 Qf8 32. Qd4 Bc5 33. Qb2 Bxd5 34. Nd4 Ba3 35. Qb1 Rec3 36. Rfd2 Rc1 37. Qd3 b2 38. Rxb2 Bxb2 39. Kf2 Rxd1 40. Qxd1 Qc5 41. Ke3 Re8+ 0-1

[Event "Online Olym Div3 A"]
[Site "Chess.com INT"]
[Date "2020.08.07"]
[Round "1.2"]
[White "Kanyamarala, Trisha"]
[Black "Sakai, Azumi"]
[Result "1-0"]
[WhiteElo "2193"]
[BlackElo "1731"]
[PlyCount "101"]
[EventDate "2020.08.07"]
[EventType "team-tourn (rapid)"]
[EventRounds "9"]
[EventCountry "USA"]
[SourceTitle "CBM 198"]
[Source "ChessBase"]
[SourceDate "2020.10.31"]
[SourceVersion "1"]
[SourceVersionDate "2020.10.31"]
[SourceQuality "1"]
[WhiteTeam "Ireland"]
[BlackTeam "Japan"]
[WhiteTeamCountry "IRL"]
[BlackTeamCountry "JPN"]

1. c4 e6 2. Nc3 d5 3. e3 c6 4. b3 f5 5. Bb2 Nf6 6. Nf3 Bd6 7. Be2 0-0 8. 0-0 Nbd7 9. Rc1 Qe8 10. d3 a6 11. d4 Ne4 12. Ne5 Ndf6 13. f3 Nxc3 14. Bxc3 Bd7 15. Qc2 Rc8 16. Qd2 Qe7 17. Bd3 Be8 18. Rce1 c5 19. Kh1 Kh8 20. Qf2 Bxe5 21. dxe5 Nd7 22. cxd5 exd5 23. f4 Bg6 24. Be2 b5 25. Bf3 Nb6 26. Ba5 Qc7 27. Bxd5 Qd7 28. Bf3 Qa7 29. Rc1 Nd7 30. Rfd1 Nb8 31. Be1 Nc6 32. Bd5 Nb4 33. Bf3 Nxa2 34. Qxa2 Bf7 35. Bf2 a5 36. Qb2 Qa6 37. Be2 Qb7 38. Bf3 Qa6 39. Rd6 Qa7 40. Rcd1 h6 41. e6 Bg6 42. e7 Qxe7 43. Rxg6 Kh7 44. Rgd6 c4 45. bxc4 bxc4 46. Qc3 Rg8 47. Rd7 Qb4 48. Qc2 a4 49. Qxf5+ Kh8 50. Be4 g6 51. Qf6+ 1-0

[Event "Online Olym Div3 A"]
[Site "Chess.com INT"]
[Date "2020.08.07"]
[Round "3.3"]
[White "Lin, Ze Jun"]
[Black "Sakai, Azumi"]
[Result "1-0"]
[WhiteElo "1512"]
[BlackElo "1731"]
[PlyCount "115"]
[EventDate "2020.08.07"]
[EventType "team-tourn (rapid)"]
[EventRounds "9"]
[EventCountry "USA"]
[SourceTitle "CBM 198"]
[Source "ChessBase"]
[SourceDate "2020.10.31"]
[SourceVersion "1"]
[SourceVersionDate "2020.10.31"]
[SourceQuality "1"]
[WhiteTeam "Hong Kong"]
[BlackTeam "Japan"]
[WhiteTeamCountry "HKG"]
[BlackTeamCountry "JPN"]

1. e4 e6 2. d4 d5 3. Nd2 Be7 4. Ngf3 Nf6 5. e5 Nfd7 6. Bd3 c5 7. c3 Nc6 8. 0-0 a5 9. Re1 cxd4 10. cxd4 Qb6 11. Qa4 g5 12. h3 h5 13. Nb3 g4 14. hxg4 hxg4 15. Nh2 g3 16. fxg3 Rg8 17. Nf3 Rxg3 18. Bf4 Rg8 19. Rac1 Qb4 20. Bb5 Qxa4 21. Bxa4 Ndb8 22. Nc5 Bxc5 23. Rxc5 Bd7 24. Kf2 b6 25. Rc3 Nb4 26. Rc8+ Ke7 27. Rxg8 Bxa4 28. Bg5+ Kd7 29. Rd8+ Kc7 30. Rc1+ Kb7 31. Kg3 Bc6 32. a3 Nd3 33. Rc2 Ba4 34. Rd2 Nc1 35. Rf2 Nd3 36. Rf1 Nxb2 37. Nd2 Nc6 38. Rxf7+ Ka6 39. Rxa8+ Kb5 40. Nf3 Nc4 41. Rc8 Nxa3 42. Rfc7 Kb4 43. Rxc6 Bxc6 44. Rxc6 Nc4 45. Rxe6 a4 46. Nd2 b5 47. Nxc4 Kxc4 48. Be7 Kxd4 49. Rb6 Kc4 50. e6 d4 51. Kf3 d3 52. Ke3 Kc3 53. Bb4+ Kxb4 54. e7 Kc5 55. Rxb5+ Kxb5 56. e8Q+ Kb4 57. Kxd3 a3 58. Kc2 1-0

[Event "JPN-ch (Women)"]
[Site "Tokyo"]
[Date "2018.08.05"]
[Round "5"]
[White "Sakai, Azumi"]
[Black "Sekine, Yuri"]
[Result "1-0"]
[WhiteElo "1765"]
[BlackElo "1466"]
[PlyCount "81"]
[EventDate "2018.08.04"]
[EventType "swiss"]
[EventRounds "6"]
[EventCountry "JPN"]
[SourceTitle "CBM 186 Extra"]
[Source "ChessBase"]
[SourceDate "2018.08.24"]
[SourceVersion "1"]
[SourceVersionDate "2018.08.24"]
[SourceQuality "1"]

1. d4 d5 2. c4 e6 3. Nc3 Nf6 4. cxd5 exd5 5. Bg5 Be6 6. e3 h6 7. Bh4 Bb4 8. Bd3 Qd6 9. Nge2 Nbd7 10. a3 Ba5 11. 0-0 0-0 12. Rc1 c6 13. b4 Bc7 14. Bg3 Qe7 15. Bxc7 Bg4 16. Bg3 Ne4 17. Qc2 Ndf6 18. Be5 Bf5 19. Bxf6 Qxf6 20. Nxe4 dxe4 21. Bxe4 Be6 22. Nf4 Bd7 23. Nd3 b6 24. Ne5 Rad8 25. Nxd7 Rxd7 26. Qxc6 Qe7 27. Bb1 Rd6 28. Qc2 Rg6 29. g3 h5 30. Qc7 Qg5 31. Bxg6 Qxg6 32. Qf4 Qd3 33. Rc7 Qxa3 34. Rfc1 g6 35. Qf6 Kh7 36. Rxf7+ Rxf7 37. Qxf7+ Kh6 38. Qf4+ Kg7 39. Rc7+ Kg8 40. Qf7+ Kh8 41. Qg7# 1-0

[Event "JPN-ch (Women)"]
[Site "Tokyo"]
[Date "2018.08.05"]
[Round "6"]
[White "Uehara, Erina"]
[Black "Sakai, Azumi"]
[Result "0-1"]
[WhiteElo "908"]
[BlackElo "1765"]
[PlyCount "54"]
[EventDate "2018.08.04"]
[EventType "swiss"]
[EventRounds "6"]
[EventCountry "JPN"]
[SourceTitle "CBM 186 Extra"]
[Source "ChessBase"]
[SourceDate "2018.08.24"]
[SourceVersion "1"]
[SourceVersionDate "2018.08.24"]
[SourceQuality "1"]

1. e4 e6 2. d4 d5 3. e5 c5 4. dxc5 Bxc5 5. Nf3 Nc6 6. Bg5 Qb6 7. g3 Bxf2+ 8. Ke2 Bc5 9. Nc3 Qxb2 10. Bd2 Qb6 11. Bh3 Nge7 12. Rf1 0-0 13. Ke1 Ng6 14. Nh4 Ncxe5 15. Nxg6 Nxg6 16. Ne2 Bd7 17. Nf4 Ne5 18. Bc3 d4 19. Kf2 dxc3+ 20. Kg2 Bc6+ 21. Rf3 Bxf3+ 22. Qxf3 Nxf3 23. Kxf3 Qc6+ 24. Ke2 Qe4+ 25. Kf1 Qf3+ 26. Ke1 Qf2+ 27. Kd1 Qd2# 0-1

[Event "JPN-ch (Women)"]
[Site "Tokyo"]
[Date "2018.08.04"]
[Round "2"]
[White "Kojima, Natsumi"]
[Black "Sakai, Azumi"]
[Result "0-1"]
[WhiteElo "1741"]
[BlackElo "1765"]
[PlyCount "68"]
[EventDate "2018.08.04"]
[EventType "swiss"]
[EventRounds "6"]
[EventCountry "JPN"]
[SourceTitle "CBM 186 Extra"]
[Source "ChessBase"]
[SourceDate "2018.08.24"]
[SourceVersion "1"]
[SourceVersionDate "2018.08.24"]
[SourceQuality "1"]

1. e4 e6 2. d4 d5 3. Nd2 Be7 4. e5 c5 5. c3 Nc6 6. Bd3 cxd4 7. cxd4 Qb6 8. Nb3 Bd7 9. Ne2 a5 10. 0-0 a4 11. Nc5 Bxc5 12. dxc5 Qxc5 13. Be3 d4 14. Bf4 Nxe5 15. Rc1 Qd5 16. Bxe5 Qxe5 17. Bc4 Nf6 18. Nxd4 0-0 19. Nf3 Qxb2 20. Qd3 Qb6 21. Rb1 Qa7 22. Ne5 Bc6 23. Qe2 Bd5 24. Bd3 Rac8 25. Rb4 Rc3 26. Rfb1 Rfc8 27. h3 Ra3 28. R1b2 h6 29. Nc4 Rc3 30. Nd6 Rc1+ 31. Kh2 Qb8 32. Rb6 Rd8 33. Qd2 Rc6 34. Rxb7 Qxd6+ 0-1

[Event "JPN-ch"]
[Site "Tokyo"]
[Date "2018.05.05"]
[Round "11"]
[White "Tanaka, Hiroto"]
[Black "Sakai, Azumi"]
[Result "1-0"]
[WhiteElo "1758"]
[BlackElo "1678"]
[PlyCount "95"]
[EventDate "2018.04.29"]
[EventType "swiss"]
[EventRounds "11"]
[EventCountry "JPN"]
[SourceTitle "CBM 184 Extra"]
[Source "ChessBase"]
[SourceDate "2018.06.28"]
[SourceVersion "1"]
[SourceVersionDate "2018.06.28"]
[SourceQuality "1"]

1. b3 d5 2. Bb2 Nf6 3. g3 e6 4. Bg2 c5 5. Nf3 Nc6 6. 0-0 Be7 7. d4 cxd4 8. Nxd4 0-0 9. c4 Bd7 10. cxd5 Nxd5 11. e4 Nf6 12. Na3 Nxd4 13. Qxd4 Bc6 14. e5 Qxd4 15. Bxd4 Nd5 16. Nc4 b6 17. Rac1 Rac8 18. Rfd1 Rfd8 19. Ne3 Ba3 20. Nxd5 Bxd5 21. Rxc8 Rxc8 22. Bxd5 exd5 23. Be3 Rd8 24. Rd2 Kf8 25. Rc2 Be7 26. Bd4 Ke8 27. f4 Kd7 28. Kf2 Rc8 29. Rxc8 Kxc8 30. Ke3 Bc5 31. Bxc5 bxc5 32. b4 c4 33. Kd4 Kd7 34. f5 h5 35. a4 g6 36. fxg6 fxg6 37. b5 Ke6 38. a5 c3 39. Kxc3 Kxe5 40. b6 axb6 41. a6 Ke4 42. Kd2 Kf3 43. a7 Kg2 44. a8Q Kxh2 45. Qxd5 Kxg3 46. Qg5+ Kh3 47. Ke2 b5 48. Kf3 1-0

[Event "Olympiad Women-42"]
[Site "Baku"]
[Date "2016.09.13"]
[Round "11.3"]
[White "Sakai, Azumi"]
[Black "Guo, Emma"]
[Result "0-1"]
[WhiteElo "1703"]
[BlackElo "2035"]
[PlyCount "96"]
[EventDate "2016.09.02"]
[EventType "team-swiss"]
[EventRounds "11"]
[EventCountry "AZE"]
[SourceTitle "CBM 174 Extra"]
[Source "ChessBase"]
[SourceDate "2016.10.10"]
[SourceVersion "1"]
[SourceVersionDate "2016.10.10"]
[SourceQuality "1"]
[WhiteTeam "Japan (W)"]
[BlackTeam "Australia (W)"]
[WhiteTeamCountry "JPN"]
[BlackTeamCountry "AUS"]

1. d4 Nf6 2. c4 c5 3. d5 b5 4. cxb5 a6 5. bxa6 g6 6. Nc3 Bg7 7. e4 0-0 8. Nf3 Qa5 9. Bd2 Bxa6 10. Be2 d6 11. 0-0 Nbd7 12. Qc2 Rfb8 13. Nb5 Qb6 14. a4 Ne8 15. Bc3 Nc7 16. Nxc7 Qxc7 17. Bxg7 Kxg7 18. Bxa6 Rxa6 19. Qc3+ Kg8 20. Nd2 Rab6 21. Rfb1 Qb7 22. Nc4 Rb3 23. Qc2 Qa6 24. Ra3 R3b4 25. Nd2 Ne5 26. b3 c4 27. Raa1 cxb3 28. Rxb3 Rxb3 29. Nxb3 Rc8 30. Qd1 Rc4 31. Nd4 Qb6 32. Nb5 Rxe4 33. Rb1 Ng4 34. Qc2 Rf4 35. Rf1 h5 36. g3 Rf5 37. h3 Nf6 38. Qc8+ Kg7 39. Nc3 Nxd5 40. Nxd5 Rxd5 41. Qc3+ Kh7 42. Ra1 Rf5 43. Ra2 Qb1+ 44. Kg2 Qxa2 45. Qe3 Qxa4 46. Qxe7 Qa8+ 47. Kg1 Qf3 48. Qe1 Rd5 0-1